Multi-wafer rotating MEMS machines : turbines, generators, and engines

Na minha lista:
Detalhes bibliográficos
Formato: Sách
Idioma:Undetermined
Publicado em:  Springer  2010
Assuntos:
Tags: Adicionar Tag
Sem tags, seja o primeiro a adicionar uma tag!
Thư viện lưu trữ: Trung tâm Thư viện - Trường Đại học Công nghiệp TP. Hồ Chí Minh
LEADER 00506nam a2200133Ia 4500
001 UIH_06470
008 231011s9999 xx 000 0 und d
082 |a  621.381 
245 0 |a  Multi-wafer rotating MEMS machines : turbines, generators, and engines 
260 |b  Springer 
260 |c  2010 
650 |a  Microelectromechanical systems; Cơ điện tử; Turbomachines; Máy Turbo;  
927 |a Sách 
980 |a Trung tâm Thư viện - Trường Đại học Công nghiệp TP. Hồ Chí Minh